Ochrana spotrebiteľa v európskom kontexte

Úrad pre normalizáciu, metrológiu a skúšobníctvo (ÚNMS) SR prezentoval svoje výsledky a ciele. Pomoc prílevu investícií a reštrukturalizácii hospodárstva. Zavádzanie systému manažérstva kvality vo verejnom sektore. Cez ÚNMS SR nastal prenos európskeho know-how a expertíz do partnerských krajín. Medz...

Descrizione completa

Salvato in:
Dettagli Bibliografici
Natura: Capitolo di libro
Lingua:slovacco
Soggetti:
Tags: Aggiungi Tag
Nessun Tag, puoi essere il primo ad aggiungerne!!

MARC

LEADER 00000naa$a2200000$$$4500
001 0081537
005 20231109065454.2
041 0 |a slo 
044 |a SK 
245 1 0 |a Ochrana spotrebiteľa v európskom kontexte 
520 |a Úrad pre normalizáciu, metrológiu a skúšobníctvo (ÚNMS) SR prezentoval svoje výsledky a ciele. Pomoc prílevu investícií a reštrukturalizácii hospodárstva. Zavádzanie systému manažérstva kvality vo verejnom sektore. Cez ÚNMS SR nastal prenos európskeho know-how a expertíz do partnerských krajín. Medzinárodná spolupráca. ÚNMS SR vo faktoch. Ciele pre nasledujúce obdobie. 
610 2 0 |a ochrana spotrebiteľa 
610 2 0 |a manažment 
610 2 0 |a kvalita 
610 2 0 |a sektor verejný 
610 2 0 |a spolupráca medzinárodná 
610 2 0 |a normalizácia 
610 2 0 |a metrológia 
610 2 0 |a skúšobníctvo štátne 
610 2 0 |a úrady